Fr. Conceicao Rodrigues College of Engineering

Networking technologies for Digital devices (Record no. 23858)

MARC details
000 -LEADER
fixed length control field 00324nam a2200145Ia 4500
082 ## - DEWEY DECIMAL CLASSIFICATION NUMBER
Classification number 004.65/CHA
Item number CHA
100 ## - MAIN ENTRY--PERSONAL NAME
Personal name Chandiramani/Sushil
245 ## - TITLE STATEMENT
Title Networking technologies for Digital devices
260 ## - PUBLICATION, DISTRIBUTION, ETC.
Name of publisher, distributor, etc. Nandu
Date of publication, distribution, etc. 2009
300 ## - PHYSICAL DESCRIPTION
Extent 332
546 ## - LANGUAGE NOTE
Language note ENGLISH
650 ## - SUBJECT ADDED ENTRY--TOPICAL TERM
Topical term or geographic name entry element Digital device
942 ## - ADDED ENTRY ELEMENTS (KOHA)
Koha item type BOOK
Holdings
Withdrawn status Lost status Damaged status Not for loan Collection Home library Current library Date acquired Total Checkouts Full call number Barcode Date last seen Price effective from Koha item type
        CRC Fr. Agnel's C.Rodrigues College of Engineering Fr. Agnel's C.Rodrigues College of Engineering 17/03/2023   004.65/CHA CHA 19478 17/03/2023   BOOK